كتاب الأغاني / (Record no. 16294)
[ view plain ]
| 000 -الفاتح | |
|---|---|
| حقل البيانات ثابتة الطول | 01790nam a22003737a 4500 |
| 003 - محدد رقم الضبط | |
| رقم الضبط | EG-ScBUE |
| 005 - وقت وتاريخ اخر تعامل مع التسجيلة | |
| رقم الضبط | 20211011121459.0 |
| 008 - عناصر البيانات ثابتة الطول - معلومات عامة | |
| حقل البيانات ثابتة الطول | 111206k19701973ua f b 001 0 ara d |
| 017 ## - رقم الإيداع القانونى | |
| رقم الإيداع القانونى | 1973/4621 |
| 040 ## - مصدر الفهرسة | |
| وكالة الفهرسة الأصلية | EG-ScBUE |
| لغة الفهرسة | ara |
| قواعد الوصف | rda |
| وكالة النسخ | EG-ScBUE |
| وكالة التعديل | EG-ScBUE |
| 082 04 - رقم تصنيف ديوى العشرى | |
| رقم التصنيف | 892.713 |
| رقم المادة | أ ب و |
| رقم الطبعة | 22 |
| 100 1# - المدخل الرئيسى - إسم شخصى | |
| 9 (RLIN) | 27992 |
| الإسم الشخصى | أبو الفرج الأصبهاني، علي بن الحسين، |
| التواريخ المصاحبة للاسم | 284-356 هـ.، |
| الدور | مؤلف. |
| 245 10 - بيان العنوان | |
| العنوان | كتاب الأغاني / |
| بيان المسئوليه,etc | لأبي الفرج الأصفهاني ؛ إشراف محمد أبو الفضل إبراهيم ؛ تحقيق علي السباعي، عبد الكريم العزباوي، محمود غنيم. |
| 264 #1 - النشر، التوزيع | |
| مكان الناشر او الموزع | القاهرة : |
| اسم الناشر او الموزع | الهيئة المصرية العامة للكتاب، |
| تاريخ النشر أو التوزيع | 1970-1973. |
| 300 ## - الوصف المادى | |
| التعداد | 24 مجلد ؛ |
| أبعاد الوعاء | 28 سم. |
| 336 ## - نوع المحتوى | |
| source | rdacontent |
| Carrier Type Term | نص |
| Content Type Code | txt |
| 337 ## - نوع الوسيط | |
| source | rdamedia |
| Media Type Term | بدون وسيط |
| Media Type Code | n |
| 338 ## - نوع الحامل أو الناقل | |
| source | rdacarrier |
| Carrier Type Term | مجلد |
| Carrier Type Code | nc |
| 490 0# - بيان السلسلة | |
| عنوان السلسلة | المكتبة العربية |
| 504 ## - تبصرة ببليوجرافية | |
| تبصرة ببليوجرافية,الخ | يشتمل على إرجاعات ببليوجرافية وكشافات. |
| 505 ## - تبصرة محتويات-الفهرس | |
| تبصرة المحتويات المصاغة | الجزء الثاني والعشرون |
| 541 ## - تبصرة المصدر المباشر للتزويد | |
| مصدر التزويد | إهداء. |
| 650 #7 - المدخل الاضافى بالموضوع-مصطلح موضوعى | |
| 9 (RLIN) | 27994 |
| مصطلح موضوعي أو اسم جغرافي كعنصر مدخل | الشعر الغنائي |
| التقسيم الفرعي الزمني | العصر العباسي، 750-1258. |
| مصدر الرأس أو المصطلح | BUEsh |
| 650 #7 - المدخل الاضافى بالموضوع-مصطلح موضوعى | |
| 9 (RLIN) | 27995 |
| مصطلح موضوعي أو اسم جغرافي كعنصر مدخل | الشعر العربي |
| التقسيم الفرعي الزمني | العصر العباسي الثاني، 846-954. |
| مصدر الرأس أو المصطلح | BUEsh |
| 650 #7 - المدخل الاضافى بالموضوع-مصطلح موضوعى | |
| 9 (RLIN) | 29238 |
| مصطلح موضوعي أو اسم جغرافي كعنصر مدخل | الشعر العربي |
| التقسيم الفرعي الزمني | العصر الأموي |
| التقسيم الفرعي العام | تاريخ. |
| مصدر الرأس أو المصطلح | BUEsh |
| 651 ## - المدخل الاضافى بالموضوع - اسم جغرافى | |
| مصدر الرأس أو المصطلح | BUEsh |
| 653 ## - مصطلح تكشيفى غير مقيد | |
| Arrived date list | December2011 |
| Resource For college | Arabic Literature |
| 655 ## - مصطلح تكشيفى-نوع/شكل | |
| التقسيم الفرعي الشكلي | Reading book |
| -- | 34232 |
| 700 1# - المدخل الاضافى - اسم شخصى | |
| 9 (RLIN) | 27993 |
| الإسم الشخصى | إبراهيم، محمد أبو الفضل، |
| الدور | مشرف. |
| 700 1# - المدخل الاضافى - اسم شخصى | |
| الإسم الشخصى | السباعي، علي، |
| الدور | محقق. |
| 700 1# - المدخل الاضافى - اسم شخصى | |
| الإسم الشخصى | العزباوي، عبد الكريم، |
| الدور | محقق. |
| 700 1# - المدخل الاضافى - اسم شخصى | |
| الإسم الشخصى | غنيم، محمود، |
| الدور | محقق. |
| 942 ## - عناصر المدخل الإضافي( كوها) | |
| مصدر التصنيف او مخطط الترفيف | Dewey Decimal Classification |
| Koha [default] item type | Book - Borrowing |
| حالة التراجع | حالة الفقد | مصدر التصنيف او خطة الترفيف | حالة تلف | ليس للاعارة | مجموعات كوها | المكان الدائم | المكان الحالي | موقع الترفيف | تاريخ الاكتساب | Source of acquisition | رقم الاستدعاء | الباركود | Date last seen | مُعار | نوع الوعاء | تبصرة عامة |
|---|---|---|---|---|---|---|---|---|---|---|---|---|---|---|---|---|
| Dewey Decimal Classification | Alef-Baa | Central Library | Central Library | Second Floor | 06/12/2011 | Purchase | 892.713 أ ب و | 000025773 | 15/07/2025 | 29/09/2021 | Book - Borrowing | مج. 1. | ||||
| Dewey Decimal Classification | Alef-Baa | Central Library | Central Library | Second Floor | 06/12/2011 | Purchase | 892.713 أ ب و | 000025774 | 15/07/2025 | Book - Borrowing | مج. 2. | |||||
| Dewey Decimal Classification | Alef-Baa | Central Library | Central Library | Second Floor | 06/12/2011 | Purchase | 892.713 أ ب و | 000025775 | 15/07/2025 | Book - Borrowing | مج. (3-4) | |||||
| Dewey Decimal Classification | Alef-Baa | Central Library | Central Library | Second Floor | 06/12/2011 | Purchase | 892.713 أ ب و | 000025776 | 15/07/2025 | Book - Borrowing | مج. (5-6) | |||||
| Dewey Decimal Classification | Alef-Baa | Central Library | Central Library | Second Floor | 06/12/2011 | Purchase | 892.713 أ ب و | 000025777 | 15/07/2025 | Book - Borrowing | مج. (7-8) | |||||
| Dewey Decimal Classification | Alef-Baa | Central Library | Central Library | Second Floor | 06/12/2011 | Purchase | 892.713 أ ب و | 000025778 | 15/07/2025 | Book - Borrowing | مج. (11-12) | |||||
| Dewey Decimal Classification | Alef-Baa | Central Library | Central Library | Second Floor | 06/12/2011 | Purchase | 892.713 أ ب و | 000025779 | 15/07/2025 | Book - Borrowing | مج. 17. | |||||
| Dewey Decimal Classification | Alef-Baa | Central Library | Central Library | Second Floor | 06/12/2011 | Purchase | 892.713 أ ب و | 000025780 | 15/07/2025 | Book - Borrowing | مج. 18. | |||||
| Dewey Decimal Classification | Alef-Baa | Central Library | Central Library | Second Floor | 06/12/2011 | Purchase | 892.713 أ ب و | 000025781 | 15/07/2025 | Book - Borrowing | مج. 19. | |||||
| Dewey Decimal Classification | Alef-Baa | Central Library | Central Library | Second Floor | 06/12/2011 | Purchase | 892.713 أ ب و | 000025782 | 15/07/2025 | Book - Borrowing | مج. 20. | |||||
| Dewey Decimal Classification | Alef-Baa | Central Library | Central Library | Second Floor | 06/12/2011 | Purchase | 892.713 أ ب و | 000025783 | 15/07/2025 | Book - Borrowing | مج. 21. | |||||
| Dewey Decimal Classification | Alef-Baa | Central Library | Central Library | Second Floor | 08/03/2018 | Purchase | 892.713 أ ب و | 000046499 | 15/07/2025 | Book - Borrowing | مج. 24 | |||||
| Dewey Decimal Classification | Donation-Gift | Central Library | Central Library | Second Floor | 11/10/2021 | Donation | 892.713 أ ب و | 000050819 | 15/07/2025 | Book - Borrowing | مج. 22 |